01442nam a2200241Ia 4500001000600000003000900006008004100015040001300056040001300069041001300082100002600095100002900121245004800150245004800198250001100246260001100257260000900268260004600277300005700323500076400380650002501144650003101169B6233IT-RoPAU130308s9999 xx 000 0 und d aIT-RoPAU cIT-RoPAU aITALIANO aCicerone Marco Tullio gCodice Aut. SPICS: 38996 aOpere retoriche: de oratore, Brutus, orator bOpere Retoriche: de Oratore, Brutus, Orator a2a ed. aTORINO bUTET c1992 [1° Ed.:1976 - Ed.Ling.Originale:0] a"974 p. (prefazione: no ; testo: 974 [pagine: 0-0])" a"Testo delle tre Opere in Italiano con testo Latino Originale a Fronte. Introduzione e cura di Giuseppe Norcio.1. De Oratore: Data: 55 Avanti Cristo. circostanze politiche che Favorirono la Sua Composizione. materia e Personaggi del De Oratore. Valore Filosofico e Artistico del Dialogo.2. Brutus: Data: 46 Avanti Cristo. materia e Personaggi del Brutus. Valoreletterario e Politico del Dialogo.3. Orator: Data: 46 Avanti Cristo con Il suo vero titolo ""Elogio di Catone"". Composizione e motivi Ispiratori dell'Orator. materia Trattata. Problemadell'Unità di Composizione. Valore dell'Opera.Nota bibliografica Sulle tre Opere di Cicerone. Nota Critica Ai tre Testi Qui Presentati. De Oratore in tre Libri. Brutus in 333 Paragrafi. Orator In238 Paragrafi." aSAGGI DI LINGUISTICA eCodice materia Spics: 3207